Aristotle's poetics: A study of philosophical criticism (Record no. 55417)

MARC details
000 -LEADER
fixed length control field 00419nam a2200157Ia 4500
008 - FIXED-LENGTH DATA ELEMENTS--GENERAL INFORMATION
fixed length control field 230917s9999||||xx |||||||||||||| ||und||
020 ## - ISBN
Price PON29.5
040 ## - CATALOGING SOURCE
-- 27139
Original cataloging agency VIVEKANANDA LIBRARY
041 ## - Language
-- English
082 ## - DDC NUMBER
Classification number 801.95 A46H:A
100 ## - MAIN ENTRY--PERSONAL NAME
Personal name Halliwell, Stephen
245 #0 - TITLE STATEMENT
Title Aristotle's poetics: A study of philosophical criticism
260 ## - PUBLICATION, DISTRIBUTION, ETC. (IMPRINT)
Place of publication, distribution, etc London
Name of publisher, distributor, etc Gerald Duckworth & Co Ltd
Date of publication, distribution, etc 1986
300 ## - PHYSICAL DESCRIPTION
Pages 369 p.
942 ## - ADDED ENTRY ELEMENTS (KOHA)
Koha item type Books
Holdings
Withdrawn status Lost status Damaged status Not for loan Location (home branch) Sublocation or collection (holding branch) Date acquired Koha issues (times borrowed) Koha full call number Accession No. Koha date last seen Koha item type
        VIVEKANANDA LIBRARY VIVEKANANDA LIBRARY 29/08/2002 1 801.95 A46H:A 125319 08/10/2025 Books
© Designed and Maintained by Vivekananda Library, MDU Rohtak